MARC details
| 000 -CABECERA |
| campo de control de longitud fija |
02654nam a2200373 i 4500 |
| 001 - NÚMERO DE CONTROL |
| campo de control |
000016263 |
| 003 - IDENTIFICADOR DEL NÚMERO DE CONTROL |
| campo de control |
DO-SdBNP |
| 005 - FECHA Y HORA DE LA ÚLTIMA TRANSACCIÓN |
| campo de control |
20251120073732.0 |
| 007 - CAMPO FIJO DE DESCRIPCIÓN FÍSICA--INFORMACIÓN GENERAL |
| campo de control de longitud fija |
ta |
| 008 - DATOS DE LONGITUD FIJA--INFORMACIÓN GENERAL |
| campo de control de longitud fija |
100302s1979 dr 000 0 spa d |
| 040 ## - FUENTE DE LA CATALOGACIÓN |
| Centro catalogador/agencia de origen |
DO-SdBNP |
| Lengua de catalogación |
spa |
| Centro/agencia transcriptor |
BNPHU |
| Normas de descripción |
rda |
| 049 ## - FONDOS LOCALES (OCLC) |
| Fondos de biblioteca |
|
| 082 #4 - NÚMERO DE LA CLASIFICACIÓN DECIMAL DEWEY |
| Número de clasificación |
305.23081 |
| Número de documento/Ítem |
S471n |
| Número de edición |
22 |
| 111 2# - ENTRADA PRINCIPAL--NOMBRE DE CONGRESO/REUNIÓN |
| Nombre de congreso/reunión o jurisdicción como elemento de entrada |
Seminario Nacional Sobre la Niñez en la República Dominicana |
| Número del congreso/reunión o número de parte o sección |
(1 : |
| Fecha del congreso/reunión |
1976 : mar. 18-20 : |
| Sede del congreso/Lugar de la reunión |
Santo Domingo ) |
| 9 (RLIN) |
36325 |
| 245 13 - MENCIÓN DE TÍTULO |
| Título |
La niñez dominicana : |
| Resto del título |
trabajos del Primer Seminario Nacional Sobre la Niñez en la República Dominicana celebrado en la Universidad Católica Madre y Maestra del 18 al 20 de Marzo de 1976. |
| Mención de responsabilidad, etc. |
presentación, Danilo de los Santos. |
| 264 ## - PRODUCCIÓN, PUBLICACIÓN, DISTRIBUCIÓN, FABRICACIÓN Y COPYRIGHT |
| Producción, publicación, distribución, fabricación y copyright |
Santo Domingo : |
| Nombre del de productor, editor, distribuidor, fabricante |
Universidad Católica Madre y Maestra, |
| Fecha de producción, publicación, distribución, fabricación o copyright |
1979. |
| 300 ## - DESCRIPCIÓN FÍSICA |
| Extensión |
389 páginas ; |
| Dimensiones |
23 cm. |
| 336 ## - TIPO DE CONTENIDO |
| Fuente |
rdacontent |
| Término de tipo de contenido |
texto |
| Código de tipo de contenido |
txt |
| 337 ## - TIPO DE MEDIO |
| Fuente |
rdamedia |
| Nombre/término del tipo de medio |
sin mediación |
| Código del tipo de medio |
n |
| 338 ## - TIPO DE SOPORTE |
| Fuente |
rdacarrier |
| Nombre/término del tipo de soporte |
volumen |
| Código del tipo de soporte |
nc |
| 490 ## - MENCIÓN DE SERIE |
| Mención de serie |
Estudios |
| 500 ## - NOTA GENERAL |
| Nota general |
Incluye referencias bibliográficas y notas al pie de las páginas |
| 504 ## - NOTA DE BIBLIOGRAFÍA, ETC. |
| Nota de bibliografía, etc. |
Incluye bibliografías |
| 505 ## - NOTA DE CONTENIDO CON FORMATO |
| Nota de contenido con formato |
Introducción -- Palabras de apertura del Primer Seminario sobre la Niñez en la República Dominicana / Mons. Agripino Núñez Collado -- Aspectos psicológicos, biológicos y educativos de la niñez /Josefina Padilla Sánchez , Mechy Hernández, Norma Valdez, Pura Sánchez -- Las necesidades y reacciones de la niñez intermedia desde el punto de vista psicológicos pedagógicos / Grisel del Rosario -- 2da. Infancia (A partir de los 4 años hasta la adolescencia) / Nicolás Oviedo -- El cuidado de los niños en laRepública Dominicana / Rafael Acevedo Pérez -- Aspectos teórico de la salud y la niñez / Robinson Abreu -- Población menor de quince años y mortalidad infantil en la República Dominicana / Francisco A. Moya -- El aspecto de la salud en la Republica Dominicana / Mejico Angeles -- Reflexiones sobre las modalidades familiares en República Dominicana / Dr. Martha Olga García -- Recursos educativos dedicados a la niñez dominicana /Amarilis Pérez de Zapata, Pedro C. Pichardo. |
| 590 ## - NOTA LOCAL (RLIN) |
| Nota local |
Inventariado,2020/VM |
| 650 #4 - PUNTO DE ACCESO ADICIONAL DE MATERIA--TÉRMINO DE MATERIA |
| Término de materia o nombre geográfico como elemento de entrada |
Niños |
| 9 (RLIN) |
77226 |
| Subdivisión geográfica |
República Dominicana |
| 650 #4 - PUNTO DE ACCESO ADICIONAL DE MATERIA--TÉRMINO DE MATERIA |
| Término de materia o nombre geográfico como elemento de entrada |
Educación de niños |
| 9 (RLIN) |
77227 |
| Subdivisión de forma |
Congresos, conferencias, etc.. |
| Subdivisión general |
|
| Subdivisión geográfica |
República Dominicana |
| 650 #4 - PUNTO DE ACCESO ADICIONAL DE MATERIA--TÉRMINO DE MATERIA |
| Término de materia o nombre geográfico como elemento de entrada |
Niños |
| 9 (RLIN) |
77228 |
| Subdivisión general |
Cuidado e higiene |
| Subdivisión de forma |
Congresos, conferencias, etc.. |
| Subdivisión geográfica |
República Dominicana |
| 650 #4 - PUNTO DE ACCESO ADICIONAL DE MATERIA--TÉRMINO DE MATERIA |
| Término de materia o nombre geográfico como elemento de entrada |
Derechos del niño |
| 9 (RLIN) |
77229 |
| Subdivisión de forma |
Congresos, conferencias, etc.. |
| Subdivisión general |
|
| Subdivisión geográfica |
República Dominicana |
| 700 1# - PUNTO DE ACCESO ADICIONAL--NOMBRE DE PERSONA |
| Nombre de persona |
Santos, Danilo de los, |
| Fechas asociadas al nombre |
1943-2018 |
| 9 (RLIN) |
10278 |
| 710 2# - PUNTO DE ACCESO ADICIONAL--NOMBRE DE ENTIDAD CORPORATIVA |
| Nombre de entidad corporativa o nombre de jurisdicción como elemento de entrada |
Pontificia Universidad Católica Madre y Maestra |
| 9 (RLIN) |
843 |
| 910 ## - DATOS DE OPCIÓN DEL USUARIO (OCLC) |
| Datos de opción del usuario |
VMateo |
| 942 ## - ELEMENTOS DE PUNTO DE ACCESO ADICIONAL (KOHA) |
| Fuente del sistema de clasificación o colocación |
Dewey Decimal Classification |
| Tipo de ítem Koha |
Libro |